The languages of literature : (Record no. 6460)
[ view plain ]
| 000 -LEADER | |
|---|---|
| fixed length control field | 00909cam a2200277 a 4500 |
| 001 - CONTROL NUMBER | |
| control field | 6460 |
| 003 - CONTROL NUMBER IDENTIFIER | |
| rucl marc code | BD-RjUL |
| 005 - DATE AND TIME OF LATEST TRANSACTION | |
| control field | 20211208234240.0 |
| 008 - FIXED-LENGTH DATA ELEMENTS--GENERAL INFORMATION | |
| fixed length control field | 711126s1971 enkg b 001 0 eng d |
| 020 ## - INTERNATIONAL STANDARD BOOK NUMBER | |
| International Standard Book Number | 0710070004 |
| 035 ## - SYSTEM CONTROL NUMBER | |
| System control number | (BD-RjUL)6501 |
| 040 ## - CATALOGING SOURCE | |
| Original cataloging agency | LC |
| Language of cataloging | eng |
| Transcribing agency | LC |
| Modifying agency | SUSA |
| -- | BD-RjUL |
| 041 ## - LANGUAGE CODE | |
| Language code of text/sound track or separate title | eng |
| 082 00 - DEWEY DECIMAL CLASSIFICATION NUMBER | |
| Classification number | 801.91 |
| Author mark and year | FOL 1971 |
| 100 1# - MAIN ENTRY--PERSONAL NAME | |
| Personal name | Fowler, Roger, |
| Dates associated with a name | 1938- |
| 9 (RLIN) | 20334 |
| 245 14 - TITLE STATEMENT | |
| Title | The languages of literature : |
| Remainder of title | some linguistic contributions to criticism; |
| Statement of responsibility, etc. | with an essay written in collaboration with Peter Mercer, and two papers by F. W. Bateson. |
| 260 ## - PUBLICATION, DISTRIBUTION, ETC. (IMPRINT) | |
| Place of publication, distribution, etc. | London : |
| Name of publisher, distributor, etc. | Routledge and K. Paul, |
| Date of publication, distribution, etc. | 1971. |
| 300 ## - PHYSICAL DESCRIPTION | |
| Pagination | xii, 256 p.; |
| Illustrations | music. |
| Size | 22 cm. |
| 504 ## - BIBLIOGRAPHY, ETC. NOTE | |
| Bibliography, etc | Includes index. |
| Bibliography, etc | Bibliography: p. [249]-251. |
| 650 #0 - SUBJECT ADDED ENTRY--TOPICAL TERM | |
| Topical term or geographic name as entry element | Criticism, Textual. |
| 9 (RLIN) | 20335 |
| 700 1# - ADDED ENTRY--PERSONAL NAME | |
| Personal name | Bateson, Frederick Wilse, |
| Dates associated with a name | 1901-1978. |
| 942 ## - ADDED ENTRY ELEMENTS (KOHA) | |
| Source of classification or shelving scheme | Dewey Decimal Classification |
| Koha item type | Books |
| Lost status | Source of classification or shelving scheme | Damaged status | Not for loan | Collection code | Permanent Location | Current Location | Shelving location | Date acquired | Source of acquisition | Cost, normal purchase price | Total Checkouts | Full call number | Date last seen | Copy number | Koha item type |
|---|---|---|---|---|---|---|---|---|---|---|---|---|---|---|---|
| Dewey Decimal Classification | Not For Loan | Non-fiction | Central Library, University of Rajshahi | Central Library, University of Rajshahi | 27/12/1975 | Gonathan & co. | 3.50 | 801.91 FOL 1971 | 11/01/2014 | C-1 | Books |